000 01149nam2a2200229 4500
001 rc\3021054
005 20260315064629.0
035 _a(NLR Aleph) 007163124
090 _a13619144
_c13619144
100 _a20110927d1938 u y0rusy50 ca
101 0 _arus
102 _aRU
105 _ay z |||||
200 1 _aГлавные минеральные источники Армянской ССР в связи с развитием курортного строительства
210 _d1938
461 0 _1001rc\3021051
_12001#$aМатериалы для геологии и гидрогеологии ССР Армении$eВып. 1-$fАкад. наук СССР. Геол. ин-т Армян. филиала$vВып 3
_97269556
_cМосква
_d1936
_fАкад. наук СССР. Геол. ин-т Армян. филиала
_nГосиздат ССР Армении
_oВып. 1-
_tМатериалы для геологии и гидрогеологии ССР Армении
_vВып 3
700 1 _aКарапетян
_bО.
801 0 _aRU
_bNLR
_gpsbo
801 1 _aRU
_bELAR
_2rusmarc
852 _aNLR
_j36-17/214
942 _cUNSPEC
980 _aNB